书目信息 |
| 题名: |
Excel 2016数据处理与分析
|
|
| 作者: | 郭清溥 , 张桂香 主编 | |
| 分册: | ||
| 出版信息: | 北京 人民邮电出版社 2020.09 |
|
| 页数: | 196页 | |
| 开本: | 26cm | |
| 丛书名: | ||
| 单 册: | ||
| 中图分类: | TP391.13 | |
| 科图分类: | ||
| 主题词: | 表处理软件--biao chu li ruan jian--高等学校--教材 | |
| 电子资源: | ||
| ISBN: | 978-7-115-52835-3 | |
| 000 | 01259nam0 2200301 450 | |
| 001 | CAL 0120203063813 | |
| 005 | 20200828163711.4 | |
| 010 | @a978-7-115-52835-3@dCNY45.00 | |
| 100 | @a20200828d2020 em y0chiy0120 ea | |
| 101 | 0 | @achi |
| 102 | @aCN@b110000 | |
| 105 | @aa a 000yy | |
| 106 | @ar | |
| 200 | 1 | @aExcel 2016数据处理与分析@AExcel 2016shu ju chu li yu fen xi@d= Excel course of data processing and analysis@f郭清溥, 张桂香主编@zeng |
| 210 | @a北京@c人民邮电出版社@d2020.09 | |
| 215 | @a196页@c图@d26cm | |
| 300 | @a微课版 | |
| 320 | @a有书目 (第196页) | |
| 330 | @a全书包括8章共计两篇, 第一篇基础篇, 包括第1-3章, 第1章Excel初步, 第2章数据录入的格式设置, 第3章公式与函数应用。第二篇提高篇, 包括第4-8章, 第4章数据处理基础 ; 第5章规划求解 ; 第6章数据可视化 ; 第7章VBA及其应用 ; 第8章综合应用。 | |
| 333 | @a工业和信息化普通高等教育“十三五”规划教材 普通高等学校计算机教育“十三五”规划教材 | |
| 510 | 1 | @aExcel course of data processing and analysis@zeng |
| 606 | 0 | @a表处理软件@Abiao chu li ruan jian@x高等学校@j教材 |
| 610 | 0 | @aExcel |
| 690 | @aTP391.13@v5 | |
| 701 | 0 | @a郭清溥@Aguo qing pu@4主编 |
| 701 | 0 | @a张桂香@Azhang gui xiang@4主编 |
| 801 | 0 | @aCN@b人天书店@c20200828 |
| 905 | @aTSG@b0000956@dTP391.13@eG824@f2 | |
| Excel 2016数据处理与分析= Excel course of data processing and analysis/郭清溥, 张桂香主编.-北京:人民邮电出版社,2020.09 |
| 196页:图;26cm |
| 微课版.-使用对象:工业和信息化普通高等教育“十三五”规划教材 普通高等学校计算机教育“十三五”规划教材 |
| ISBN 978-7-115-52835-3:CNY45.00 |
| 全书包括8章共计两篇, 第一篇基础篇, 包括第1-3章, 第1章Excel初步, 第2章数据录入的格式设置, 第3章公式与函数应用。第二篇提高篇, 包括第4-8章, 第4章数据处理基础 ; 第5章规划求解 ; 第6章数据可视化 ; 第7章VBA及其应用 ; 第8章综合应用。 |
| ● |
| 相关链接 |
|
|
|
正题名:Excel 2016数据处理与分析
索取号:TP391.13/G824
 
预约/预借
| 序号 | 登录号 | 条形码 | 馆藏地/架位号 | 状态 | 备注 |
| 1 | 1529591 | 215295918 | 自科库301/301自科库 64排5列5层/ [索取号:TP391.13/G824] | 在馆 | |
| 2 | 1529592 | 215295927 | 自科库301/301自科库 64排5列5层/ [索取号:TP391.13/G824] | 在馆 |